000 01806cim a2200397 a 4500
999 _c6083
_d6083
001 17090708
005 20170601123308.0
007 sd fsngnnmmned
008 111220s2011 mdunnn| h| | eng d
010 _a 2011651407
020 _a9781461801290
020 _a146180129X
028 0 2 _aND016
_bRecorded Books
035 _a(OCoLC)ocn739667969
040 _aWIM
_cWIM
_dWIM
_dRECBX
_dZAG
_dDLC
042 _alccopycat
043 _af-rh---
050 0 0 _aRZC 0826
100 1 _aGodwin, Peter,
_d1957-
_931951
245 1 4 _aThe fear
_h[sound recording] :
_b[Robert Mugabe and the martyrdom of Zimbabwe] /
_cby Peter Godwin.
260 _aPrince Frederick, MD :
_bRecorded Books,
_cp2011.
300 _a10 sound discs (12 hrs., 15 min.) :
_bdigital ;
_c4 3/4 in.
306 _a121500
500 _aUnabridged.
500 _aIn container (17 x 18 cm.).
500 _aCompact discs.
511 0 _aNarrated by the author.
520 _aIn this remarkable look inside Mugabe's isolated yet restive Zimbabwe, journalist Godwin and his sister, Georgina, return to their childhood home and tour the economically devastated and state-terrorized cities, farms, and diamond mines at considerable personal risk, gathering candid interviews with dispossessed farmers, marginalized elites, and former insiders to cast a light on the workings of Mugabe's dictatorship and psychology, and the "fear factor" crucial to his control.
600 1 0 _aMugabe, Robert Gabriel,
_d1924-
_917726
651 0 _aZimbabwe
_xPolitics and government
_y1980-
_931952
651 0 _aZimbabwe
_xEconomic conditions
_y1980-
_915169
651 0 _aZimbabwe
_xSocial conditions
_y1980-
_931953
655 7 _aAudiobooks.
_2lcgft
_914326
906 _a7
_bcbc
_ccopycat
_d2
_encip
_f20
_gy-soundrec
942 _2lcc
_cMONOGRAPH